| 000 | 00448nam a2200193Ia 4500 | ||
|---|---|---|---|
| 005 | 20240823014454.0 | ||
| 008 | 240823s9999||||xx |||||||||||||| ||und|| | ||
| 020 | _a81-219-1853-7 | ||
| 041 | _aENGLISH | ||
| 082 | _A930.0954 P4 | ||
| 100 | _aAggarwal.J.C | ||
| 245 | 0 | _aAncient Indian History | |
| 250 | _a2nd | ||
| 260 |
_c2004 _bS chand New D _aNew Delhi |
||
| 500 | _aYES | ||
| 650 |
_aHistory _bGeneral |
||
| 942 | _cBK | ||
| 999 |
_c170170 _d170170 |
||